TB OF MEDICAL BIOCHEMISTRY (Record no. 7200)

MARC details
000 -LEADER
fixed length control field 00330nam a2200145Ia 4500
008 - FIXED-LENGTH DATA ELEMENTS--GENERAL INFORMATION
fixed length control field 150301s2015 xx 000 0 und d
082 ## - DEWEY DECIMAL CLASSIFICATION NUMBER
Classification number 612.015
Item number M14N
100 ## - MAIN ENTRY--PERSONAL NAME
Personal name M. N NOOLVI
245 ## - TITLE STATEMENT
Title TB OF MEDICAL BIOCHEMISTRY
250 ## - EDITION STATEMENT
Edition statement 1ST
260 ## - PUBLICATION, DISTRIBUTION, ETC. (IMPRINT)
Name of publisher, distributor, etc. CBS- DELHI
300 ## - PHYSICAL DESCRIPTION
Extent 955
650 ## - SUBJECT ADDED ENTRY--TOPICAL TERM
Topical term or geographic name as entry element BIOCHEMISTRY
942 ## - ADDED ENTRY ELEMENTS (KOHA)
Source of classification or shelving scheme Dewey Decimal Classification
Koha item type Books
Koha issues (borrowed), all copies 2
Holdings
Withdrawn status Lost status Source of classification or shelving scheme Damaged status Not for loan Collection code Home library Current library Shelving location Date acquired Source of acquisition Cost, normal purchase price SGTU Bill Number Total Checkouts Full call number Barcode Date last seen Date last checked out Bill Date Koha item type
    Dewey Decimal Classification     PHARMACY SGT FA-FP Library SGT FA-FP Library Reference Book 02/07/2015 ABC DELHI 125.00 SGTU 492 3 612.015 M14N FP697 11/04/2022 25/03/2022 24/11/2014 Books